000
00176nam a22000857a 4500
040
_c
SCME
100
_a
Chen Jian
245
_a
Contemporary china’s politics
942
_2
ddc
_c
BK
999
_c
589569
_d
589569